[Event "2nd OHRA Open"]
[Site "Arnhem NED"]
[Date "1983.07.15"]
[Round "1"]
[White "Kuijf, Marinus"]
[Black "Sax, Gyula"]
[Result "0-1"]
[WhiteElo "2420"]
[BlackElo "2570"]
[EventDate "1983.07.15"]
[PlyCount "74"]

1.e4 c5 2.Ne2 e6 3.d4 cxd4 4.Nxd4 Nf6 5.Nc3 d6 6.g4 h6 7.Rg1 Be7 8.Be3 a6 
9.Qe2 g5 10.O-O-O Nbd7 11.h4 Rg8 12.hxg5 hxg5 13.Qd2 Nh7 14.f3 Ne5 15.Rh1 
Nf8 16.Rh5 b5 17.Be2 Bb7 18.Rdh1 Bf6 19.Nd1 d5 20.exd5 Qxd5 21.Nc3 Qd7 22.
Rd1 O-O-O 23.Ne4 Bxe4 24.fxe4 Qc7 25.Qb4 Be7 26.Qb3 Nfd7 27.Nxe6 fxe6 28.
Qxe6 Nc6 29.e5 Rge8 30.Bf3 Bc5 31.Qb3 Ncxe5 32.Bxg5 Be7 33.Bxe7 Rxe7 34.
Rh6 Nc5 35.Rxd8+ Qxd8 36.Qc3 Rc7 37.Qe3 Nxf3 0-1

[Event "2nd OHRA Open"]
[Site "Arnhem NED"]
[Date "1983.07.15"]
[Round "1"]
[White "Henley, Ron"]
[Black "Grooten, Herman"]
[Result "1-0"]
[WhiteElo "2525"]
[BlackElo "2340"]
[EventDate "1983.07.15"]
[PlyCount "61"]

1.d4 Nf6 2.Nf3 e6 3.c4 b6 4.Nc3 Bb4 5.Qb3 c5 6.e3 Bb7 7.a3 Bxc3+ 8.Qxc3 
Ne4 9.Qc2 d6 10.b4 Nd7 11.Bb2 O-O 12.Bd3 f5 13.O-O Rc8 14.dxc5 bxc5 15.Nd2
Qh4 16.f3 Nxd2 17.Qxd2 e5 18.f4 Rf6 19.fxe5 Rg6 20.Rf2 Nxe5 21.Bxe5 dxe5 
22.Bxf5 Rd8 23.Qe2 Rf6 24.Raf1 e4 25.bxc5 Qg5 26.Rf4 Rd3 27.Qb2 Bc6 28.
Be6+ Kf8 29.Qb8+ Be8 30.Bd5 Ke7 31.Qc7+ 1-0

[Event "2nd OHRA Open"]
[Site "Arnhem NED"]
[Date "1983.07.15"]
[Round "1"]
[White "Ree, Hans"]
[Black "Bohm, Hans"]
[Result "1-0"]
[WhiteElo "2500"]
[BlackElo "2390"]
[EventDate "1983.07.15"]
[PlyCount "111"]

1.Nf3 f5 2.d3 Nf6 3.Bg5 d5 4.Nbd2 e6 5.e4 Be7 6.exf5 exf5 7.g3 O-O 8.Bg2 
Nh5 9.Bxe7 Qxe7+ 10.Qe2 Qxe2+ 11.Kxe2 Re8+ 12.Kd1 f4 13.Re1 Rxe1+ 14.Kxe1 
Nd7 15.Nb3 Ndf6 16.Kf1 c6 17.Re1 g6 18.Nfd4 Kf7 19.Nc5 fxg3 20.hxg3 b6 21.
Nce6 Bxe6 22.Nxe6 Re8 23.Nd4 Rxe1+ 24.Kxe1 c5 25.Nb5 a5 26.Nd6+ Ke6 27.Nc8
b5 28.Bh3+ Ke5 29.Na7 b4 30.Nc6+ Kd6 31.Nxa5 Ng7 32.Ke2 g5 33.Nb7+ Kc6 34.
Nd8+ Kc7 35.Ne6+ Nxe6 36.Bxe6 Kd6 37.Bc8 h5 38.Ke3 d4+ 39.Kf3 Ke5 40.Bb7 
Ne8 41.a4 bxa3 42.bxa3 Nf6 43.a4 Kd6 44.Be4 Kc7 45.Bg6 Kb6 46.Bxh5 Ka5 47.
Bf7 Kxa4 48.g4 Kb5 49.Kg3 Kc6 50.f4 gxf4+ 51.Kxf4 Kd6 52.g5 Nd7 53.g6 Ke7 
54.Kf5 Nf6 55.Kg5 Nd7 56.Bb3 1-0

[Event "2nd OHRA Open"]
[Site "Arnhem NED"]
[Date "1983.07.15"]
[Round "1"]
[White "Lobron, Eric"]
[Black "De Boer, Gert Jan"]
[Result "1/2-1/2"]
[WhiteElo "2480"]
[BlackElo "2330"]
[EventDate "1983.07.15"]
[PlyCount "169"]

1.e4 d6 2.d4 Nf6 3.Nc3 g6 4.Nf3 Bg7 5.h3 O-O 6.Be3 c6 7.Bd3 Nbd7 8.e5 Ne8 
9.e6 fxe6 10.Ng5 Ndf6 11.h4 e5 12.dxe5 Ng4 13.Bc4+ d5 14.Nxd5 cxd5 15.
Bxd5+ Kh8 16.Nf7+ Rxf7 17.Bxf7 Qxd1+ 18.Rxd1 Bf5 19.Bc5 Nxe5 20.Bb3 Nc6 
21.c3 Nf6 22.O-O Bf8 23.Rfe1 Kg7 24.f3 h5 25.Be6 Bxe6 26.Rxe6 Kf7 27.Rde1 
Rd8 28.b4 Rd7 29.R6e2 b6 30.Bf2 Bh6 31.Rc2 Bf4 32.g3 Bc7 33.Kg2 Ne5 34.c4 
Nd3 35.Rb1 Nxf2 36.Kxf2 e5 37.Ke2 e4 38.f4 Rd3 39.Rb3 Rxb3 40.axb3 a5 41.
Ra2 Ke6 42.Ra4 axb4 43.Rxb4 Ng4 44.Rb5 Nh6 45.Rg5 Kf6 46.Ke3 Nf7 47.Rd5 
Nd6 48.Rg5 Bd8 49.Rd5 Be7 50.Re5 Kf7 51.Rd5 Nf5+ 52.Kxe4 Nxg3+ 53.Kf3 Nf5 
54.Rd7 Nxh4+ 55.Kg3 Nf5+ 56.Kh3 Ke6 57.Rb7 Bd8 58.b4 Kd6 59.Rb8 Bc7 60.Rg8
Ne7 61.Rf8 Kd7 62.Rf6 Bd6 63.Kh4 Kc7 64.c5 bxc5 65.bxc5 Bxc5 66.Kg5 Kd7 
67.Ra6 Bd6 68.f5 gxf5 69.Kxh5 Bf4 70.Rf6 Be3 71.Kh4 Ke8 72.Re6 Bf4 73.Rd6 
Bc1 74.Kh5 Bb2 75.Rb6 Bg7 76.Kg5 Kf7 77.Ra6 Bb2 78.Kf4 Bf6 79.Ra2 Bg7 80.
Ra7 Bh6+ 81.Ke5 f4 82.Ke4 Bg5 83.Rb7 Ke6 84.Rb6+ Kd7 85.Rb5 1/2-1/2

[Event "2nd OHRA Open"]
[Site "Arnhem NED"]
[Date "1983.07.15"]
[Round "1"]
[White "Borm, Franciscus"]
[Black "Franco Ocampos, Zenon"]
[Result "0-1"]
[WhiteElo "2355"]
[BlackElo "2495"]
[EventDate "1983.07.15"]
[PlyCount "73"]

1.e4 c5 2.Nf3 Nc6 3.d4 cxd4 4.Nxd4 Nf6 5.Nc3 d6 6.Be2 e5 7.Nf3 h6 8.O-O 
Be7 9.Re1 O-O 10.h3 a6 11.Bf1 Qc7 12.Be3 Bd7 13.Nh2 Rac8 14.Ng4 Be6 15.Rc1
Nxg4 16.hxg4 Bg5 17.Nd5 Qd8 18.Bxg5 Qxg5 19.Ne3 Rfd8 20.c3 Ne7 21.Rc2 Bxa2
22.Rd2 Be6 23.Rxd6 Rxd6 24.Qxd6 Nc6 25.Bc4 Bxg4 26.Bd5 h5 27.Nxg4 Qxg4 28.
Bxc6 Rxc6 29.Qxe5 Rg6 30.Qh2 h4 31.Kf1 b5 32.f3 Qh5 33.Rd1 Rg3 34.Rd8+ Kh7
35.Rd4 h3 36.gxh3 Qxf3+ 37.Ke1 0-1

[Event "2nd OHRA Open"]
[Site "Arnhem NED"]
[Date "1983.07.15"]
[Round "1"]
[White "Vogel, Jaap"]
[Black "Short, Nigel David"]
[Result "0-1"]
[WhiteElo "2325"]
[BlackElo "2475"]
[EventDate "1983.07.15"]
[PlyCount "82"]

1.Nf3 Nf6 2.g3 d5 3.Bg2 c6 4.b3 Bg4 5.Bb2 Nbd7 6.d3 e6 7.Nbd2 Bd6 8.e4 
dxe4 9.dxe4 Ne5 10.O-O Qc7 11.Qe2 O-O 12.Qe3 Bxf3 13.Bxf3 Rfd8 14.Rad1 
Nfd7 15.Bg2 a5 16.a3 b5 17.Qe2 Ng6 18.f4 Nb6 19.Kh1 Rac8 20.h4 Qe7 21.h5 
Nf8 22.h6 g6 23.Nf3 Bxa3 24.Bxa3 Qxa3 25.Rxd8 Rxd8 26.Qe3 Nfd7 27.g4 Qc5 
28.Qd2 Qb4 29.Qe3 a4 30.Ne5 Rc8 31.Rd1 Nxe5 32.fxe5 Na8 33.bxa4 bxa4 34.
Qa7 a3 35.Ra1 Qd2 36.Rxa3 Qxh6+ 37.Rh3 Qc1+ 38.Kh2 Qf4+ 39.Kg1 Qxe5 40.Rf3
Rf8 41.Rf2 Nc7 0-1

[Event "2nd OHRA Open"]
[Site "Arnhem NED"]
[Date "1983.07.15"]
[Round "1"]
[White "Van Baarle, John"]
[Black "Johansen, Darryl"]
[Result "1-0"]
[WhiteElo "2345"]
[BlackElo "2485"]
[EventDate "1983.07.15"]
[PlyCount "95"]

1.e4 c5 2.Nf3 e6 3.d4 cxd4 4.Nxd4 d6 5.c4 Nf6 6.Nc3 Be7 7.Be2 a6 8.Be3 Qc7
9.O-O O-O 10.Qd2 b6 11.Rfd1 Bb7 12.f3 Nbd7 13.Bf1 Rad8 14.Rac1 Rfe8 15.Kh1
Qb8 16.Qf2 Rc8 17.b3 Bf8 18.Rc2 Ne5 19.Qg1 Kh8 20.Bf2 Ba8 21.a4 Red8 22.
Nde2 Ned7 23.Rcd2 Be7 24.Nc1 Rg8 25.Bg3 Ne5 26.Qe3 g5 27.Nd3 Nh5 28.Bf2 
Nd7 29.Ne2 Bb7 30.Ng3 Nhf6 31.Qe2 Rg7 32.Bd4 e5 33.Bf2 Rg6 34.Nf5 Bf8 35.
Nb4 Nc5 36.Qe3 g4 37.Nd5 Nxd5 38.cxd5 a5 39.Bb5 Rd8 40.Bh4 gxf3 41.gxf3 
Rc8 42.Rg1 Ba6 43.Bxa6 Nxa6 44.Rdg2 Rc7 45.Bf6+ Kg8 46.h4 h5 47.Rg5 Qc8 
48.Rxh5 1-0

[Event "2nd OHRA Open"]
[Site "Arnhem NED"]
[Date "1983.07.15"]
[Round "1"]
[White "Hresc, Vladimir"]
[Black "Lengyel, Bela"]
[Result "1-0"]
[WhiteElo "2450"]
[BlackElo "2315"]
[EventDate "1983.07.15"]
[PlyCount "77"]

1.e4 e5 2.Nf3 Nc6 3.Bb5 a6 4.Ba4 Nf6 5.O-O Be7 6.Re1 b5 7.Bb3 d6 8.c3 O-O 
9.h3 Na5 10.Bc2 c5 11.d4 Qc7 12.Nbd2 Nc6 13.d5 Na5 14.Nf1 Nc4 15.Ng3 g6 
16.Nh2 Bd7 17.b3 Nb6 18.f4 c4 19.Qf3 cxb3 20.axb3 Rfc8 21.Bd2 exf4 22.Qxf4
a5 23.Rf1 a4 24.Nf3 axb3 25.Rxa8 Rxa8 26.Bxb3 Nc4 27.Bxc4 Qxc4 28.Be3 Rf8 
29.Bd4 Ne8 30.Ne5 dxe5 31.Qxe5 f6 32.Qxe7 Rf7 33.Qd8 b4 34.Rxf6 bxc3 35.
Bxc3 Bb5 36.Rxf7 Kxf7 37.Be5 h5 38.Qg5 Qd3 39.d6 1-0

[Event "2nd OHRA Open"]
[Site "Arnhem NED"]
[Date "1983.07.15"]
[Round "1"]
[White "Berg, Klaus"]
[Black "Van der Wiel, John"]
[Result "0-1"]
[WhiteElo "2400"]
[BlackElo "2515"]
[EventDate "1983.07.15"]
[PlyCount "114"]

1.Nf3 c5 2.g3 Nc6 3.Bg2 d5 4.O-O e6 5.c4 dxc4 6.Na3 Nf6 7.Nxc4 Be7 8.b3 
Nd5 9.Bb2 Bf6 10.Bxf6 gxf6 11.Rc1 Nde7 12.e3 O-O 13.d4 cxd4 14.Nxd4 Nxd4 
15.exd4 Rb8 16.Qg4+ Ng6 17.Rfd1 Bd7 18.h4 b5 19.Ne3 f5 20.Qf3 Rc8 21.Rxc8 
Bxc8 22.h5 Ne7 23.d5 Nxd5 24.Nxd5 exd5 25.Rxd5 Qe8 26.Qf4 f6 27.Bf3 Qe1+ 
28.Kg2 b4 29.Rb5 Ba6 30.Qxb4 Re8 31.Qxe1 Rxe1 32.Rxf5 Bf1+ 33.Kh2 Ra1 34.
Bd5+ Kg7 35.b4 Bd3 36.Rf4 f5 37.Rd4 Be2 38.f3 Kh6 39.Rd2 Bd1 40.Be6 Bxf3 
41.g4 fxg4 42.Bd5 Rh1+ 43.Kg3 Kxh5 44.Bxf3 Rh3+ 45.Kg2 Rxf3 46.Rd7 h6 47.
Rxa7 Rf4 48.Kg3 Rf3+ 49.Kg2 Kh4 50.b5 Rg3+ 51.Kf2 Rc3 52.b6 g3+ 53.Ke2 
Rc2+ 54.Kd3 Rb2 55.Ra6 g2 56.Kc3 Rb1 57.b7 g1=Q 0-1

[Event "2nd OHRA Open"]
[Site "Arnhem NED"]
[Date "1983.07.15"]
[Round "1"]
[White "Van Mil, Johannes"]
[Black "Chandler, Murray Graham"]
[Result "1/2-1/2"]
[WhiteElo "2340"]
[BlackElo "2485"]
[EventDate "1983.07.15"]
[PlyCount "109"]

1.e4 c5 2.Nf3 d6 3.d4 Nf6 4.Nc3 cxd4 5.Nxd4 a6 6.f4 e5 7.Nf3 Nbd7 8.a4 Be7
9.Bc4 O-O 10.O-O Qb6+ 11.Kh1 exf4 12.a5 Qc7 13.Bd5 Ne5 14.Bxf4 Be6 15.Bxe6
fxe6 16.Ng5 Qc4 17.Ra4 Qc8 18.Bxe5 dxe5 19.Qe2 h6 20.Rc4 Qd7 21.Rd1 Bd6 
22.Nf3 Qe7 23.Qe3 Ng4 24.Qb6 Rad8 25.Rd3 Kh7 26.h3 Nf6 27.Qe3 Nh5 28.Ne2 
Rd7 29.Qd2 Rfd8 30.Qc3 Qf6 31.Rc8 Qg6 32.Rxd8 Rxd8 33.Qc4 Rd7 34.g4 Nf6 
35.Qxe6 Qxe4 36.Ng3 Qf4 37.Qf5+ g6 38.Qxf4 exf4 39.g5 fxg3 40.gxf6 Rd8 41.
Rc3 Rd7 42.Rd3 Rd8 43.Ne5 Bc7 44.Rxd8 Bxd8 45.Nd7 Kg8 46.b4 Bc7 47.c4 Kf7 
48.c5 g5 49.c6 bxc6 50.Nc5 Bb8 51.Nxa6 Ba7 52.Nc7 Kxf6 53.b5 cxb5 54.Nxb5 
Bf2 55.Kg2 1/2-1/2

[Event "2nd OHRA Open"]
[Site "Arnhem NED"]
[Date "1983.07.16"]
[Round "2"]
[White "Sax, Gyula"]
[Black "Hresc, Vladimir"]
[Result "1-0"]
[WhiteElo "2570"]
[BlackElo "2450"]
[EventDate "1983.07.15"]
[PlyCount "65"]

1.e4 e5 2.Nf3 Nc6 3.Bb5 a6 4.Ba4 Nf6 5.O-O Be7 6.Bxc6 dxc6 7.d3 Bd6 8.d4 
Nxe4 9.Qd3 f5 10.dxe5 Bc5 11.Be3 Be6 12.Nd4 Qd5 13.Nc3 Nxc3 14.Nxe6 Qxe6 
15.Bxc5 Ne4 16.Ba3 Qd7 17.Qe3 Qd2 18.Qh3 Qf4 19.Rad1 Nd2 20.g3 Nf3+ 21.Kg2
Qg4 22.Qxg4 fxg4 23.h3 h5 24.Rh1 Rh6 25.e6 b6 26.hxg4 hxg4 27.Rd7 Rxe6 28.
Rxc7 Rh6 29.Re7+ Kd8 30.Rd1+ Kc8 31.Re8+ Kc7 32.Rxa8 c5 33.Rg8 1-0

[Event "2nd OHRA Open"]
[Site "Arnhem NED"]
[Date "1983.07.16"]
[Round "2"]
[White "Chandler, Murray Graham"]
[Black "De Roode, Peter"]
[Result "1-0"]
[WhiteElo "2485"]
[BlackElo "2250"]
[EventDate "1983.07.15"]
[PlyCount "83"]

1.e4 c5 2.Nf3 d6 3.d4 cxd4 4.Nxd4 Nf6 5.Nc3 a6 6.Be2 e6 7.O-O Be7 8.f4 O-O
9.Kh1 Nc6 10.Be3 Bd7 11.Bd3 b5 12.Qf3 Nxd4 13.Bxd4 Bc6 14.Qh3 g6 15.Rae1 
Qd7 16.Rf3 Rae8 17.Qh6 e5 18.fxe5 Ng4 19.e6 Nxh6 20.exd7 Bxd7 21.Nd5 Bd8 
22.Nf6+ Bxf6 23.Rxf6 Be6 24.h3 Rb8 25.g4 Rfe8 26.a4 Kf8 27.axb5 axb5 28.
Ra1 Ng8 29.Rf2 Ne7 30.Ra6 Red8 31.Bf6 b4 32.Kh2 Rd7 33.b3 Ng8 34.Bd4 Ke7 
35.Rf1 Rc7 36.e5 d5 37.Rfa1 Kf8 38.Ra8 Rb7 39.Bc5+ Kg7 40.Rxb8 Rxb8 41.Ra4
f6 42.Ra7+ 1-0

[Event "2nd OHRA Open"]
[Site "Arnhem NED"]
[Date "1983.07.16"]
[Round "2"]
[White "Short, Nigel David"]
[Black "Hort, Vlastimil"]
[Result "1-0"]
[WhiteElo "2475"]
[BlackElo "2595"]
[EventDate "1983.07.15"]
[PlyCount "125"]

1.e4 c6 2.c4 e5 3.Nf3 d6 4.d4 Nd7 5.Nc3 Ngf6 6.Be2 Be7 7.O-O O-O 8.Qc2 a6 
9.Rd1 Qc7 10.h3 b5 11.a3 Bb7 12.Be3 Rac8 13.Rac1 Qb8 14.Qb1 exd4 15.Nxd4 
g6 16.Nb3 Rfe8 17.Na5 Ba8 18.b4 Bf8 19.Bf1 Re6 20.Bf4 Ne5 21.cxb5 axb5 22.
Re1 Rce8 23.Rcd1 Bg7 24.Nb3 Nh5 25.Bh2 Nf3+ 26.gxf3 Bxc3 27.Re3 Be5 28.
Bxe5 Rxe5 29.Red3 d5 30.Qc1 Qd8 31.Nc5 Qh4 32.f4 Nxf4 33.Rf3 g5 34.Nd7 
R5e6 35.Rg3 Rg6 36.e5 Re7 37.Nf6+ Kg7 38.Qc3 Bb7 39.Re1 Bc8 40.Qxc6 Bxh3 
41.Qa8 Rxe5 42.Rxe5 Rxf6 43.Re8 Bxf1 44.Rg8+ Kh6 45.Qf8+ Kh5 46.R8xg5+ 
Qxg5 47.Rxg5+ Kxg5 48.Kxf1 h5 49.Qg8+ Kf5 50.Qe8 h4 51.Qxb5 h3 52.Qd7+ Ke4
53.Qe7+ Re6 54.Qxf7 Rg6 55.Qe7+ Kf5 56.b5 Kg4 57.a4 Rg5 58.Kg1 Rg6 59.Kh2 
Kf5 60.Qc5 Rg2+ 61.Kh1 Kg4 62.Qe3 d4 63.Qxd4 1-0

[Event "2nd OHRA Open"]
[Site "Arnhem NED"]
[Date "1983.07.16"]
[Round "2"]
[White "Van der Sterren, Paul"]
[Black "Van Mil, Johannes"]
[Result "1-0"]
[WhiteElo "2445"]
[BlackElo "2340"]
[EventDate "1983.07.15"]
[PlyCount "74"]

1.d4 Nf6 2.c4 g6 3.Nc3 d5 4.Nf3 Bg7 5.cxd5 Nxd5 6.e4 Nxc3 7.bxc3 O-O 8.Be2
c5 9.Rb1 Bg4 10.Rxb7 Nc6 11.O-O Bxf3 12.Bxf3 cxd4 13.Qa4 Qc8 14.Rb3 Be5 
15.c4 Qc7 16.g3 Rab8 17.Be2 Rfd8 18.Rd1 Bd6 19.Rb5 Bb4 20.Bf4 e5 21.Bxe5 
Nxe5 22.Qxb4 Rxb5 23.cxb5 d3 24.Bf1 Rd4 25.Qb3 Qd7 26.f4 Nf3+ 27.Kg2 Qg4 
28.Bxd3 Nh4+ 29.Kg1 Qf3 30.gxh4 Qg4+ 31.Kf2 Qxf4+ 32.Ke2 Rd6 33.Rf1 Qg4+ 
34.Kd2 Qg2+ 35.Kc1 Rd7 36.Qc4 Kg7 37.Qc3+ f6 1-0

[Event "2nd OHRA Open"]
[Site "Arnhem NED"]
[Date "1983.07.16"]
[Round "2"]
[White "Van der Wiel, John"]
[Black "Van Baarle, John"]
[Result "1-0"]
[WhiteElo "2515"]
[BlackElo "2345"]
[EventDate "1983.07.15"]
[PlyCount "31"]

1.e4 e5 2.Nf3 d6 3.d4 Nd7 4.Bc4 c6 5.dxe5 dxe5 6.Ng5 Nh6 7.O-O Be7 8.Ne6 
fxe6 9.Bxh6 Nb6 10.Qh5+ Kf8 11.f4 Bc5+ 12.Kh1 Kg8 13.f5 gxh6 14.fxe6 Qe7 
15.Rf7 Qg5 16.Rf8+ 1-0

[Event "2nd OHRA Open"]
[Site "Arnhem NED"]
[Date "1983.07.16"]
[Round "2"]
[White "Bohm, Hans"]
[Black "Van Wijgerden, Cornelis"]
[Result "1/2-1/2"]
[WhiteElo "2390"]
[BlackElo "2430"]
[EventDate "1983.07.15"]
[PlyCount "109"]

1.d4 d6 2.g3 f5 3.Nf3 Nf6 4.b3 g6 5.Bb2 Bg7 6.Bg2 O-O 7.O-O c6 8.c4 Na6 9.
Nbd2 Nc7 10.Qc2 Rb8 11.Rac1 Bd7 12.Rfe1 a6 13.e4 fxe4 14.Nxe4 Bf5 15.Nh4 
Bxe4 16.Bxe4 Nxe4 17.Qxe4 Rf7 18.Rc2 Bf6 19.d5 cxd5 20.cxd5 Qd7 21.Bxf6 
exf6 22.Rec1 Re7 23.Qd3 Ne8 24.Ng2 Ng7 25.Ne3 Rbe8 26.Rc4 Nh5 27.g4 Ng7 
28.h3 Rf8 29.Qc3 f5 30.Rc8 Rf7 31.Rxf8+ Rxf8 32.Qc7 Qxc7 33.Rxc7 Rf7 34.
Rc8+ Rf8 35.Rc7 Rf7 36.Rc8+ Rf8 37.Rc4 Rf7 38.a4 fxg4 39.hxg4 h5 40.Kg2 
hxg4 41.Rxg4 Kh7 42.Rb4 Nh5 43.Rb6 Nf4+ 44.Kg3 Nh5+ 45.Kh4 Kg7 46.Ng4 Nf6 
47.Rxd6 Nxg4 48.Kxg4 Rxf2 49.Rb6 Rf7 50.Rb4 Kf8 51.Rb6 Kg7 52.a5 Kh6 53.
Re6 Rf5 54.Rd6 Kg7 55.b4 1/2-1/2

[Event "2nd OHRA Open"]
[Site "Arnhem NED"]
[Date "1983.07.16"]
[Round "2"]
[White "Langeweg, Christian"]
[Black "Vogel, Jaap"]
[Result "1-0"]
[WhiteElo "2420"]
[BlackElo "2325"]
[EventDate "1983.07.15"]
[PlyCount "71"]

1.d4 e6 2.Nf3 Nf6 3.c4 b6 4.Nc3 Bb4 5.e3 O-O 6.Bd3 Bb7 7.O-O d5 8.cxd5 
exd5 9.a3 Bd6 10.b4 Nc6 11.Qb3 Re8 12.Bb2 Ne4 13.Qc2 Nf6 14.Rfe1 a5 15.b5 
Ne7 16.Ne5 c5 17.bxc6 Nxc6 18.f4 Na7 19.Rac1 Rb8 20.Rf1 Ba8 21.Rf3 b5 22.
Rh3 b4 23.Bxh7+ Kf8 24.axb4 axb4 25.Na4 Qa5 26.Nc5 b3 27.Qd1 Bxc5 28.dxc5 
Nc6 29.Bf5 Qa2 30.Qd2 Qa4 31.Qc3 Qb4 32.Rh8+ Ke7 33.Nxc6+ Bxc6 34.Qe5+ Kd8
35.Qd6+ Bd7 36.Bxf6+ 1-0

[Event "2nd OHRA Open"]
[Site "Arnhem NED"]
[Date "1983.07.16"]
[Round "2"]
[White "Lengyel, Bela"]
[Black "Berg, Klaus"]
[Result "1-0"]
[WhiteElo "2315"]
[BlackElo "2400"]
[EventDate "1983.07.15"]
[PlyCount "71"]

1.e4 c6 2.d4 d5 3.Nc3 dxe4 4.Nxe4 Nd7 5.Nf3 Ngf6 6.Ng3 c5 7.dxc5 e6 8.c6 
bxc6 9.Be2 Be7 10.O-O O-O 11.c4 Qb6 12.Qc2 c5 13.Rd1 Bb7 14.Ng5 Rfd8 15.
Be3 h6 16.Nf3 Ng4 17.Bf4 Nf8 18.Ne5 Nxe5 19.Bxe5 Ng6 20.Bc3 Nf4 21.Bf1 h5 
22.Bd2 e5 23.Bxf4 exf4 24.Nxh5 Qh6 25.Qb3 Bc6 26.Qh3 Kf8 27.Qg4 g5 28.h4 
Be4 29.hxg5 Bxg5 30.g3 f5 31.Qh3 Ke7 32.Rxd8 Rxd8 33.Re1 f3 34.Qxf5 Qxh5 
35.Rxe4+ Kd6 36.Rh4 1-0

[Event "2nd OHRA Open"]
[Site "Arnhem NED"]
[Date "1983.07.16"]
[Round "2"]
[White "Johansen, Darryl"]
[Black "Borm, Franciscus"]
[Result "0-1"]
[WhiteElo "2485"]
[BlackElo "2355"]
[EventDate "1983.07.15"]
[PlyCount "83"]

1.Nf3 Nf6 2.b3 e6 3.Bb2 c5 4.g3 Nc6 5.Bg2 d5 6.O-O Bd6 7.c4 d4 8.e3 O-O 9.
exd4 cxd4 10.d3 e5 11.Na3 Re8 12.Nc2 a5 13.Bc1 h6 14.a3 Bc5 15.Bb2 Bf5 16.
Re1 Qb6 17.b4 axb4 18.axb4 Rxa1 19.Qxa1 Bxb4 20.Nxb4 Qxb4 21.Bf1 Qd6 22.
Nd2 Qc7 23.Qa3 b6 24.Bg2 Bc8 25.Bc1 Bb7 26.Ne4 Nxe4 27.Bxe4 Na5 28.f4 Bxe4
29.Rxe4 f5 30.Rxe5 Rxe5 31.fxe5 Qxe5 32.Kf2 Kh7 33.Qa4 Nb7 34.Bf4 Qe6 35.
Qa1 Qf6 36.Qa7 Nc5 37.Ke2 Qc6 38.Qf7 Qg2+ 39.Kd1 Qf1+ 40.Kc2 Qxd3+ 41.Kc1 
Nb3+ 42.Kb2 0-1

[Event "2nd OHRA Open"]
[Site "Arnhem NED"]
[Date "1983.07.16"]
[Round "2"]
[White "Van der Vliet, Fredrik"]
[Black "Lobron, Eric"]
[Result "1/2-1/2"]
[WhiteElo "2345"]
[BlackElo "2480"]
[EventDate "1983.07.15"]
[PlyCount "87"]

1.d4 Nf6 2.c4 e6 3.Nc3 c5 4.d5 exd5 5.cxd5 d6 6.Nf3 g6 7.Bf4 a6 8.a4 Bg7 
9.e4 Bg4 10.Be2 O-O 11.O-O Re8 12.Nd2 Bxe2 13.Qxe2 Nh5 14.Be3 Nd7 15.a5 
Qh4 16.Nc4 Nf4 17.Qf3 Ne5 18.Nxe5 Bxe5 19.g3 Qh5 20.Qxh5 Nxh5 21.Na4 Bg7 
22.Nb6 Rad8 23.g4 Nf6 24.f3 Nd7 25.Nc4 Ne5 26.Ra4 Rd7 27.Nb6 Rc7 28.Kg2 f5
29.gxf5 gxf5 30.Bf4 Rf7 31.exf5 Rxf5 32.Bg3 Ref8 33.Ra3 Nf7 34.Rb3 Re8 35.
Re1 Rxe1 36.Bxe1 Ne5 37.Bg3 Nf7 38.Re3 Bxb2 39.Re8+ Kg7 40.Re7 Kf8 41.Rxb7
Bc3 42.Ra7 Bxa5 43.Nc4 Bb4 44.Nxd6 1/2-1/2

[Event "2nd OHRA Open"]
[Site "Arnhem NED"]
[Date "1983.07.17"]
[Round "3"]
[White "Hort, Vlastimil"]
[Black "Van der Sterren, Paul"]
[Result "1/2-1/2"]
[WhiteElo "2595"]
[BlackElo "2445"]
[EventDate "1983.07.15"]
[PlyCount "150"]

1.e4 d6 2.d4 Nf6 3.Nc3 g6 4.g3 Bg7 5.Bg2 O-O 6.Nge2 e5 7.h3 c6 8.O-O b5 9.
a3 Bb7 10.Be3 Nbd7 11.Qd2 Re8 12.Rfe1 a5 13.Bg5 Qb8 14.dxe5 dxe5 15.Qe3 
Nf8 16.Qf3 N6d7 17.Rad1 Qc7 18.Qe3 Ne6 19.Bh6 Bh8 20.Nb1 Nd4 21.Qc1 Nc5 
22.Nd2 Nde6 23.Nf1 Rad8 24.Ne3 Bc8 25.Ng4 Rxd1 26.Rxd1 Rd8 27.Kh2 Rxd1 28.
Qxd1 Qd8 29.Qxd8+ Nxd8 30.Bg5 Nde6 31.Be7 Nd7 32.Nc1 h5 33.Ne3 Bf6 34.Bd6 
Bd8 35.h4 f6 36.Bh3 Kf7 37.f4 exf4 38.gxf4 Ng7 39.f5 gxf5 40.Nxf5 Nxf5 41.
Bxf5 Nb6 42.Nd3 Bxf5 43.exf5 Nc4 44.Bf4 Be7 45.Kg3 Nd6 46.Bxd6 Bxd6+ 47.
Kf3 Ke7 48.c3 a4 49.Nf2 Be5 50.Ne4 Kd7 51.Ke3 Kc7 52.Kd3 Kb6 53.Kc2 c5 54.
Kd3 Kc6 55.Ke3 Kd5 56.Kd3 Kc6 57.Ke3 Kd5 58.Kd3 b4 59.c4+ Kc6 60.Kc2 b3+ 
61.Kc1 Bd4 62.Kb1 Kd7 63.Kc1 Ke7 64.Kb1 Kf8 65.Kc1 Kf7 66.Kb1 Be3 67.Ka1 
Ke7 68.Kb1 Bf4 69.Ka1 Bc7 70.Kb1 Ba5 71.Kc1 Be1 72.Kd1 Bxh4 73.Ke2 Bg5 74.
Nxc5 Kd6 75.Nd3 Kc6 1/2-1/2

[Event "2nd OHRA Open"]
[Site "Arnhem NED"]
[Date "1983.07.17"]
[Round "3"]
[White "Short, Nigel David"]
[Black "Sax, Gyula"]
[Result "0-1"]
[WhiteElo "2475"]
[BlackElo "2570"]
[EventDate "1983.07.15"]
[PlyCount "82"]

1.e4 c5 2.Nf3 e6 3.d4 cxd4 4.Nxd4 a6 5.Bd3 Nf6 6.O-O Qc7 7.b3 d6 8.Bb2 
Nbd7 9.c4 g6 10.Nc3 Bg7 11.Qe2 O-O 12.Rad1 b6 13.Bb1 Bb7 14.Kh1 Rfe8 15.f4
e5 16.fxe5 Nxe5 17.Rde1 b5 18.cxb5 d5 19.Rxf6 Bxf6 20.bxa6 Bxa6 21.Nxd5 
Qd6 22.Nb5 Bxb5 23.Nxf6+ Qxf6 24.Qxb5 Qf2 25.Bc3 Ng4 26.Qg5 Rac8 27.Bb4 
Qd4 28.Qxg4 Qxb4 29.Rf1 Qd2 30.Qf3 Re7 31.h4 Rc3 32.Qf6 Rd7 33.Kh2 Rc1 34.
Bd3 Rxf1 35.Bxf1 Qe1 36.Qf4 Re7 37.Bd3 h5 38.Qg5 Rd7 39.Bb5 Rd1 40.Qf4 
Qg1+ 41.Kh3 Re1 0-1

[Event "2nd OHRA Open"]
[Site "Arnhem NED"]
[Date "1983.07.17"]
[Round "3"]
[White "Kuijf, Marinus"]
[Black "Vogel, Jaap"]
[Result "1-0"]
[WhiteElo "2420"]
[BlackElo "2325"]
[EventDate "1983.07.15"]
[PlyCount "119"]

1.d4 e6 2.Nf3 Nf6 3.Bf4 b6 4.e3 Bb7 5.c4 Bb4+ 6.Nfd2 Be7 7.Be2 d5 8.O-O 
O-O 9.Bf3 Nbd7 10.Nc3 c5 11.Rc1 Rc8 12.cxd5 Nxd5 13.Nxd5 exd5 14.Qb3 Nf6 
15.dxc5 Bxc5 16.Rfd1 Qe7 17.Nb1 Rfd8 18.Bg5 d4 19.Bxf6 gxf6 20.exd4 Bxd4 
21.Bxb7 Qxb7 22.Nc3 Bxc3 23.Rxd8+ Rxd8 24.Qxc3 Qd5 25.h3 Qe5 26.Qb4 Re8 
27.b3 Kh8 28.Qc4 Rg8 29.Rd1 Qg5 30.Qd5 Qxd5 31.Rxd5 Rc8 32.Rd7 a5 33.Rxf7 
Rc1+ 34.Kh2 Rc2 35.a4 Rb2 36.Rxf6 Rxb3 37.Rf7 Rb4 38.Rb7 Rxa4 39.Rxb6 Ra2 
40.Kg3 a4 41.Rb7 Rc2 42.Ra7 Rc3+ 43.Kg4 a3 44.f4 Rc2 45.g3 a2 46.Kg5 Rc3 
47.Kh4 Rc2 48.g4 Kg8 49.Kg5 Rb2 50.h4 Kf8 51.f5 Rc2 52.Kh6 Rc4 53.Kh5 Rc2 
54.g5 Rf2 55.Kh6 Rxf5 56.Rxa2 Rf4 57.h5 Rh4 58.Ra8+ Kf7 59.Ra7+ Kg8 60.
Rg7+ 1-0

[Event "2nd OHRA Open"]
[Site "Arnhem NED"]
[Date "1983.07.17"]
[Round "3"]
[White "Henley, Ron"]
[Black "Boersma, Paulus"]
[Result "1-0"]
[WhiteElo "2525"]
[BlackElo "2355"]
[EventDate "1983.07.15"]
[PlyCount "66"]

1.d4 Nf6 2.Nf3 g6 3.Bg5 Bg7 4.Nbd2 d5 5.c3 c6 6.e3 Bf5 7.Qb3 Qb6 8.c4 Nbd7
9.Rc1 Qxb3 10.Nxb3 dxc4 11.Bxc4 Nb6 12.Be2 Na4 13.Na5 Nxb2 14.Nxb7 Nd5 15.
Nc5 f6 16.Bh4 Bh6 17.h3 Rb8 18.g4 Bc8 19.Kd2 e5 20.Kc2 exd4 21.Nxd4 Nxe3+ 
22.fxe3 Bxe3 23.Ndb3 Bxc1 24.Rxc1 h5 25.Bxf6 O-O 26.g5 Re8 27.Bf1 Rb4 28.
Kxb2 Rf4 29.Bc4+ Kh7 30.Rc3 Bxh3 31.Rxh3 Rxc4 32.Rd3 Re2+ 33.Ka3 h4 1-0

[Event "2nd OHRA Open"]
[Site "Arnhem NED"]
[Date "1983.07.17"]
[Round "3"]
[White "Ree, Hans"]
[Black "De Boer, Gert Jan"]
[Result "1-0"]
[WhiteElo "2500"]
[BlackElo "2330"]
[EventDate "1983.07.15"]
[PlyCount "79"]

1.d4 Nf6 2.c4 g6 3.Nc3 d5 4.Nf3 Bg7 5.Qb3 dxc4 6.Qxc4 O-O 7.e4 Na6 8.Be2 
c5 9.d5 e6 10.O-O exd5 11.exd5 Bf5 12.Be3 Re8 13.Rad1 Ne4 14.Nxe4 Rxe4 15.
Qc1 Nb4 16.a3 Nc2 17.Bg5 f6 18.Qxc2 fxg5 19.Bd3 Rf4 20.Qxc5 g4 21.Qe3 Qd6 
22.Bxf5 Rxf5 23.Nd4 Re5 24.Qg3 Rd8 25.Ne6 Rd7 26.Qxg4 Rh5 27.h3 Bxb2 28.
Nc5 Rf7 29.Nxb7 Qc7 30.d6 Qxb7 31.d7 Bf6 32.d8=Q+ Bxd8 33.Rxd8+ Rf8 34.Rd7
Qb6 35.Qc4+ Kh8 36.Qc3+ Qf6 37.Qxf6+ Rxf6 38.Rc1 Rf8 39.Rxa7 Rhf5 40.Rcc7 
1-0

[Event "2nd OHRA Open"]
[Site "Arnhem NED"]
[Date "1983.07.17"]
[Round "3"]
[White "Lobron, Eric"]
[Black "Van Baarle, John"]
[Result "1-0"]
[WhiteElo "2480"]
[BlackElo "2345"]
[EventDate "1983.07.15"]
[PlyCount "116"]

1.e4 c6 2.d3 d5 3.Nd2 Nf6 4.e5 Nfd7 5.d4 c5 6.f4 Nc6 7.Ndf3 cxd4 8.Ne2 Nc5
9.Nexd4 Bg4 10.Bb5 Rc8 11.h3 Bxf3 12.Qxf3 e6 13.O-O g6 14.Be3 a6 15.Bxc6+ 
bxc6 16.Qe2 Qd7 17.Nb3 Ne4 18.Qxa6 Be7 19.Nd2 Ng3 20.Rf3 Nf5 21.Bf2 h5 22.
Rb3 O-O 23.g4 hxg4 24.hxg4 Nh6 25.g5 Nf5 26.Kg2 Kg7 27.Rh1 Rh8 28.Rbh3 
Rxh3 29.Rxh3 c5 30.Qf1 Rh8 31.Rxh8 Kxh8 32.Qa6 Qd8 33.Nf3 Qb8 34.b3 Qb4 
35.c4 Kg7 36.Be1 Qb8 37.cxd5 exd5 38.Qe2 Qb7 39.e6 d4 40.Qe5+ Kg8 41.Bf2 
d3 42.exf7+ Kxf7 43.Qc3 Qe4 44.Qc4+ Qxc4 45.Ne5+ Ke6 46.Nxc4 Kd5 47.Kf3 
Bd8 48.a4 Nd6 49.Nxd6 Kxd6 50.Ke3 c4 51.bxc4 Bb6+ 52.Kf3 d2 53.c5+ Kd5 54.
Ke2 Ba5 55.Be3 Bb4 56.Kd1 Ke4 57.c6 Ba5 58.Bxd2 Bc7 1-0